000 03132cam a22004694i 4500
003 PE-LiUPU
005 20250731165419.0
008 151216s2010 pe grm 000 0 spa d
035 _a(Sirsi) a155544
040 _aPE-LiUPU
_bspa
_cPE-LiUPU
_erda
082 0 4 _a371.154
_bA65 T3
099 _aTA 3
_bA65 2010
100 1 _aArana Rodríguez, Maritza Soledad
_eautor
245 1 3 _aLa motivación medida en sus factores extrínsecos e intrínsecos y su relación con la satisfacción laboral del personal del Colegio Unión, 2009 /
_Maritza Soledad Arana Rodríguez.
264 0 _c2010.
300 _a85 hojas
_c30 cm
336 _atext
_2rdacontent
337 _aunmediated
_2rdamedia
338 _avolume
_2rdacarrier
502 _aTesis
_b(Mg.) --
_cUniversidad Peruana Unión,
_d2010.
504 _aIncluye referencias
520 3 _aActualmente son cada vez más las empresas que están considerando la satisfacción del personal como una ventaja competitiva que las diferencia de las demás. Por lo tanto la medición de la Motivación y Satisfacción laboral constituye una tarea necesaria como indicadores de la productividad y el desempeño laboral. El presente estudio tuvo como objetivo determinar la relación de la motivación medida en sus factores extrínsecos e intrínsecos y la satisfacción laboral del personal del Colegio Unión. El método fue descriptivo correlacional canónica y de corte transversal; la población estuvo conformada por 51 trabajadores del Colegio Unión, la técnica fue la encuesta y el instrumento una ficha de evaluación tipo cuestionario con escala de Likert, encontrándose los siguientes resultados: Existe relación conjunta significativa entre las variables predictoras factores extrínsecos o de higiene y factores intrínsecos o motivadores (Motivación) y las variables de criterio contenido del trabajo, trabajo en equipo, incentivos laborales, condiciones de trabajo (Satisfacción laboral), (Hotellings=1.872, p=.000). Los coeficientes de determinación múltiples son altamente significativos para las variables de criterio con relación al conjunto de variables predictoras (Contenido de trabajo r2 =.282, p=.000, Trabajo en equipo r2 =.194, p=.006, Incentivos laborales r2 =.564, p=.000, Condiciones de trabajo r2 =.399, p=.000). En conclusión la motivación presenta correlaciones altamente significativas con las variables de criterio: contenido de trabajo, trabajo en equipo, incentivos laborales, condiciones de trabajo y con la satisfacción laboral.
526 _aSEG44
526 _aSEG26
526 _aP151
526 _aP150
526 _aP149
526 _aP146
526 _aP145
526 _aP126
526 _aP125
526 _aP92
526 _aP75
526 _aP74
526 _aP27
526 _aP15
650 0 4 _aEducadores
_xMotivación
_vTesis.
650 0 4 _aEducadores
_xSatisfacción en el trabajo
_vTesis.
596 _a1
942 _2ddc
_cTESIS
999 _aTA 3 A65 2010
_wALPHANUM
_c8219
_iT01179
_lCCODEBUL3
_mBUL
_r1
_sY
_tTESIS
_u2015-12-16
_xPOSGRADO
_PP47
_o.STAFF. Tesis
_d8219
980 _81
_gALBERTO SANCHEZ Responsable de Automatización